| 000 | 00763nam a22002297a 4500 | ||
|---|---|---|---|
| 001 | 3200 | ||
| 005 | 20240229151347.0 | ||
| 020 | _a9780545069397 | ||
| 040 |
_aFISKH _beng _cFISKH _dFISKH |
||
| 050 | _aPZ7.M18995 | ||
| 082 | _aFic | ||
| 100 | _aMack. Tracy | ||
| 245 |
_aSherlock Homes : _band the baker street irregulars _cTracy Mack & Michael Citrin |
||
| 250 | _aFirst paperback edition, April 2009 | ||
| 260 |
_aNew York : _bOrchard Books : _c2009 : |
||
| 300 |
_a255 pages : _c20 cm |
||
| 520 | _aThe ragamuffin boys known as the Baker Street Irregulars help Sherlock Holmes solve the mysterious deaths of a family of circus tightrope walkers. | ||
| 521 |
_a850 _bLexile |
||
| 650 | _aMystery | ||
| 700 | _aCitrin. Michael | ||
| 942 |
_2ddc _cBK _n0 |
||
| 999 |
_c3200 _d3200 |
||